<?xml version="1.0" encoding="UTF-8"?>
<record
    xmlns:xsi="http://www.w3.org/2001/XMLSchema-instance"
    xsi:schemaLocation="http://www.loc.gov/MARC21/slim http://www.loc.gov/standards/marcxml/schema/MARC21slim.xsd"
    xmlns="http://www.loc.gov/MARC21/slim">

  <leader>02005cam a22003017a 4500</leader>
  <datafield tag="999" ind1=" " ind2=" ">
    <subfield code="c">330563</subfield>
    <subfield code="d">330563</subfield>
  </datafield>
  <controlfield tag="001">14802825</controlfield>
  <controlfield tag="003">NUST</controlfield>
  <controlfield tag="005">20170720121947.0</controlfield>
  <controlfield tag="008">070410s2001    enkab    b    001 0 eng d</controlfield>
  <datafield tag="010" ind1=" " ind2=" ">
    <subfield code="a">  2007310135</subfield>
  </datafield>
  <datafield tag="015" ind1=" " ind2=" ">
    <subfield code="a">GBA2-23548</subfield>
  </datafield>
  <datafield tag="020" ind1=" " ind2=" ">
    <subfield code="a">1902916239</subfield>
  </datafield>
  <datafield tag="020" ind1=" " ind2=" ">
    <subfield code="a">9781902916231 (hbk.)</subfield>
  </datafield>
  <datafield tag="035" ind1=" " ind2=" ">
    <subfield code="a">(OCoLC)ocm47901921</subfield>
  </datafield>
  <datafield tag="040" ind1=" " ind2=" ">
    <subfield code="a">LHA</subfield>
    <subfield code="c">LHA</subfield>
    <subfield code="d">UMC</subfield>
    <subfield code="d">OCLCQ</subfield>
    <subfield code="d">UKM</subfield>
    <subfield code="d">BAKER</subfield>
    <subfield code="d">YDXCP</subfield>
    <subfield code="d">DLC</subfield>
  </datafield>
  <datafield tag="042" ind1=" " ind2=" ">
    <subfield code="a">lccopycat</subfield>
  </datafield>
  <datafield tag="050" ind1="0" ind2="0">
    <subfield code="a">TJ810.7</subfield>
    <subfield code="b">.S66 2001</subfield>
  </datafield>
  <datafield tag="082" ind1="0" ind2="4">
    <subfield code="a">621.47 GOR</subfield>
    <subfield code="2">21</subfield>
  </datafield>
  <datafield tag="245" ind1="0" ind2="0">
    <subfield code="a">Solar energy :</subfield>
    <subfield code="b">the state of the art : ISES position papers /</subfield>
    <subfield code="c">Edited by Jeffrey Gordon.</subfield>
  </datafield>
  <datafield tag="260" ind1=" " ind2=" ">
    <subfield code="a">London :</subfield>
    <subfield code="b">James &amp; James,</subfield>
    <subfield code="c">c2001.</subfield>
  </datafield>
  <datafield tag="300" ind1=" " ind2=" ">
    <subfield code="a">xviii, 706 :</subfield>
    <subfield code="b">ill., map ;</subfield>
    <subfield code="c">24 cm.</subfield>
  </datafield>
  <datafield tag="500" ind1=" " ind2=" ">
    <subfield code="a">H.B</subfield>
  </datafield>
  <datafield tag="504" ind1=" " ind2=" ">
    <subfield code="a">Includes bibliographical references and index.</subfield>
  </datafield>
  <datafield tag="505" ind1="0" ind2="0">
    <subfield code="t">Solar and natural resources for a better efficiency in the built environment /</subfield>
    <subfield code="r">M. Santamouris --</subfield>
    <subfield code="t">Glazings and coatings /</subfield>
    <subfield code="r">K.G. Terry Hollands, J.L. Wright and C.G. Granqvist --</subfield>
    <subfield code="t">Selectively solar-absorbing coatings /</subfield>
    <subfield code="r">E. W&#xE4;ckelg&#xE5;rd, G.A. Niklasson and C.G. Granqvist --</subfield>
    <subfield code="t">Solar collectors /</subfield>
    <subfield code="r">Graham L. Morrison --</subfield>
    <subfield code="t">Solar water heating /</subfield>
    <subfield code="r">Graham L. Morrison --</subfield>
    <subfield code="t">Photovoltaic physics and devices /</subfield>
    <subfield code="r">Martin A. Green --</subfield>
    <subfield code="t">Solar concentrators /</subfield>
    <subfield code="r">R. Winston --</subfield>
    <subfield code="t">Cost of pollution and the benefit of solar energy /</subfield>
    <subfield code="r">A. Rabl and J.V. Spadaro --</subfield>
    <subfield code="t">Solar process heat: distillation, drying, agricultural and industrial uses /</subfield>
    <subfield code="r">B. Norton --</subfield>
    <subfield code="t">Solar resource assessment: a review /</subfield>
    <subfield code="r">R. Perez, R. Aguiar, M. Collares-Pereira, D. Dumortier, V. Estrada-Cajigal, C. Gueymard, P. Ineichen, P. Littlefair, H. Lund, J. Michalsky, J.A. Olseth, D. Renn&#xE9;, M. Rymes, A. Skartveit, F. Vignola and A. Zelenak --</subfield>
    <subfield code="t">Solar thermal electricity /</subfield>
    <subfield code="r">D.R. Mills --</subfield>
    <subfield code="t">Wind energy review /</subfield>
    <subfield code="r">D. Milborrow.</subfield>
  </datafield>
  <datafield tag="650" ind1=" " ind2="0">
    <subfield code="a">Solar energy.</subfield>
    <subfield code="9">3498</subfield>
  </datafield>
  <datafield tag="700" ind1="1" ind2=" ">
    <subfield code="a">Gordon, Jeffrey M.</subfield>
    <subfield code="9">3499</subfield>
  </datafield>
  <datafield tag="710" ind1="2" ind2=" ">
    <subfield code="a">International Solar Energy Society.</subfield>
    <subfield code="9">3500</subfield>
  </datafield>
  <datafield tag="906" ind1=" " ind2=" ">
    <subfield code="a">7</subfield>
    <subfield code="b">cbc</subfield>
    <subfield code="c">copycat</subfield>
    <subfield code="d">u</subfield>
    <subfield code="e">ncip</subfield>
    <subfield code="f">20</subfield>
    <subfield code="g">y-gencatlg</subfield>
  </datafield>
  <datafield tag="942" ind1=" " ind2=" ">
    <subfield code="2">ddc</subfield>
    <subfield code="c">BK</subfield>
    <subfield code="k">IESE</subfield>
  </datafield>
  <datafield tag="952" ind1=" " ind2=" ">
    <subfield code="0">0</subfield>
    <subfield code="1">0</subfield>
    <subfield code="2">ddc</subfield>
    <subfield code="4">0</subfield>
    <subfield code="7">0</subfield>
    <subfield code="8">NFIC</subfield>
    <subfield code="a">IESE</subfield>
    <subfield code="b">IESE</subfield>
    <subfield code="c">GEN</subfield>
    <subfield code="d">2017-07-20</subfield>
    <subfield code="l">0</subfield>
    <subfield code="o">621.47 GOR</subfield>
    <subfield code="p">IESE-1857</subfield>
    <subfield code="r">2017-07-20</subfield>
    <subfield code="w">2017-07-20</subfield>
    <subfield code="y">BK</subfield>
  </datafield>
</record>
